6-Letter Cities by US States - Statistics

General Stats
  • This quiz has been taken 1,682 times
  • The average score is 24 of 50
Answer Stats
Hint Answer % Correct
Austin Texas
99%
Albany New York
97%
Denver Colorado
92%
Boston Massachusetts
91%
Juneau Alaska
89%
Mobile Alabama
83%
Topeka Kansas
82%
Dayton Ohio
82%
Helena Montana
81%
Bangor Maine
75%
Pierre South Dakota
75%
Eugene Oregon
74%
Duluth Minnesota
72%
Tacoma Washington
72%
Durham North Carolina
71%
Casper Wyoming
71%
Naples Florida
68%
Peoria Illinois
63%
Joplin Missouri
60%
Sedona Arizona
57%
Norman Oklahoma
56%
Waimea Hawaii
54%
Tupelo Mississippi
52%
Muncie Indiana
50%
Oxnard California
49%
Nashua New Hampshire
49%
Sumter South Carolina
43%
Moscow Idaho
36%
Gallup New Mexico
36%
Monroe Louisiana
34%
Sparks Nevada
33%
Wausau Wisconsin
31%
Newark Delaware
30%
Towson Maryland
29%
Conway Arkansas
26%
Orange New Jersey
25%
Groton Connecticut
24%
Keokuk Iowa
24%
Easton Pennsylvania
23%
Bad Axe Michigan
20%
Smyrna Tennessee
17%
Vernal Utah
17%
Vienna Virginia
17%
Toccoa Georgia
16%
Corbin Kentucky
16%
Putney Vermont
14%
Elkins West Virginia
14%
Medora North Dakota
12%
Gering Nebraska
11%
Foster Rhode Island
8%
No matching quizzes found
Score Distribution
Percent of People with Each Score
Percentile by Number Answered
Your Score History
You have not taken this quiz